000 00551nam a2200193Ia 4500
003 GCL
008 140319s9999 xx 000 0 ara d
040 _aGCL /
_cGCL
082 0 4 _a811.72
_bج د
100 1 _aجودة امين
245 1 0 _aديوان الملك الناصر داود الايوبى /
_cجودة امين
300 _a224
490 _a100 قصة
_v0
650 0 4 _aالشعر العربى
650 0 4 _aالايوبى
650 0 4 _aالناصر داود
650 0 4 _aالشعر العربى - العراق
942 _2ddc
_cBK
999 _c43417
_d43417